LEADER 01008oam 2200289z- 450 001 9910154825103321 005 20180629082621.0 010 $a1-68103-298-8 035 $a(CKB)3710000000972248 035 $a(EXLCZ)993710000000972248 100 $a20190224c2017uuuu -u- - 101 0 $aeng 200 10$aLemony Snicket /$fby Chris Bowman 210 $cBellwether Media 311 $a1-62617-551-9 330 $a"Leveled text and full-color photographs introduce readers to Lemony Snicket. Developed by literacy experts for students in second through fifth grade"--$cProvided by publisher. 606 $aAuthors, American$y21st century$vBiography$vJuvenile literature 606 $aChildren's stories$xAuthorship$vJuvenile literature 615 0$aAuthors, American 615 0$aChildren's stories$xAuthorship 676 $a813/.54 676 $aB 700 $aBowman$b Chris$f1990-$01244943 906 $aBOOK 912 $a9910154825103321 996 $aLemony Snicket$92895300 997 $aUNINA LEADER 01829oam 2200481M 450 001 9910716513803321 005 20210706141522.0 035 $a(CKB)5470000002523021 035 $a(OCoLC)1065961211 035 $a(OCoLC)995470000002523021 035 $a(EXLCZ)995470000002523021 100 $a20071213d1926 ua 0 101 0 $aeng 135 $aurcn||||||||| 181 $ctxt$2rdacontent 182 $cc$2rdamedia 183 $acr$2rdacarrier 200 10$aRailroad bridge across the Pearl River in the State of Mississippi. June 23 (calendar day, June 29), 1926. -- Ordered to be printed 210 1$a[Washington, D.C.] :$c[U.S. Government Printing Office],$d1926. 215 $a1 online resource (2 pages) 225 1 $aSenate report / 69th Congress, 1st session. Senate ;$vno. 1166 225 1 $a[United States congressional serial set] ;$v[serial no. 8526] 300 $aBatch processed record: Metadata reviewed, not verified. Some fields updated by batch processes. 300 $aFDLP item number not assigned. 517 $aRailroad bridge across the Pearl River in the State of Mississippi. June 23 606 $aBridge construction industry 606 $aBridges$xDesign and construction 606 $aBridges 608 $aLegislative materials.$2lcgft 615 0$aBridge construction industry. 615 0$aBridges$xDesign and construction. 615 0$aBridges. 701 $aBingham$b Hiram$f1875-1956$pRepublican (CT)$0463205 801 0$bWYU 801 1$bWYU 801 2$bOCLCO 801 2$bOCLCQ 801 2$bOCLCO 801 2$bOCLCQ 906 $aBOOK 912 $a9910716513803321 996 $aRailroad bridge across the Pearl River in the State of Mississippi. June 23 (calendar day, June 29), 1926. -- Ordered to be printed$93494305 997 $aUNINA LEADER 04169nam 2201021Ia 450 001 9910788998403321 005 20210623221751.0 010 $a1-282-77262-7 010 $a9786612772627 010 $a0-520-94391-0 024 7 $a10.1525/9780520943919 035 $a(CKB)3390000000007008 035 $a(EBL)837157 035 $a(OCoLC)773564868 035 $a(SSID)ssj0000439851 035 $a(PQKBManifestationID)11295127 035 $a(PQKBTitleCode)TC0000439851 035 $a(PQKBWorkID)10464365 035 $a(PQKB)10804175 035 $a(MiAaPQ)EBC837157 035 $a(OCoLC)670278205 035 $a(MdBmJHUP)muse30322 035 $a(DE-B1597)519054 035 $a(DE-B1597)9780520943919 035 $a(Au-PeEL)EBL837157 035 $a(CaPaEBR)ebr10675731 035 $a(CaONFJC)MIL277262 035 $a(dli)HEB08117 035 $a(MiU)MIU01000000000000009841830 035 $a(EXLCZ)993390000000007008 100 $a20080811d2009 ub 0 101 0 $aeng 135 $aurnn#---|u||u 181 $ctxt 182 $cc 183 $acr 200 10$aMoving viewers$b[electronic resource] $eAmerican film and the spectator's experience /$fCarl Plantinga 210 $aBerkeley $cUniversity of California Press$dc2009 215 $a1 online resource (295 p.) 300 $aDescription based upon print version of record. 311 0 $a0-520-25695-6 311 0 $a0-520-25696-4 320 $aIncludes bibliographical references (p. 253-267) and index. 327 $tFront matter --$tContents --$tIllustrations --$tAcknowledgments --$tIntroduction: Affect and the Movies --$t1. Pleasures, Desires, Fantasies --$t2. Movies and Emotions --$t3. Stories and Sympathies --$t4. The Sensual Medium --$t5. Affective Trajectories and Synesthesia --$t6. Negative Emotions and Sympathetic Narratives --$t7. The Rhetoric of Emotion --$tConclusion: Moving Viewers --$tNotes --$tBibliography --$tIndex 330 $aEveryone knows the thrill of being transported by a film, but what is it that makes movie watching such a compelling emotional experience? In Moving Viewers, Carl Plantinga explores this question and the implications of its answer for aesthetics, the psychology of spectatorship, and the place of movies in culture. Through an in-depth discussion of mainstream Hollywood films, Plantinga investigates what he terms "the paradox of negative emotion" and the function of mainstream narratives as ritualistic fantasies. He describes the sensual nature of the movies and shows how film emotions are often elicited for rhetorical purposes. He uses cognitive science and philosophical aesthetics to demonstrate why cinema may deliver a similar emotional charge for diverse audiences. 606 $aMotion picture audiences$xPsychology 606 $aMotion pictures$zUnited States 610 $aamerican film. 610 $aaudience theory. 610 $acinema and film. 610 $acognitive science. 610 $acultural studies. 610 $adesires. 610 $aemotional experience. 610 $afilm criticism. 610 $afilm studies. 610 $afilm. 610 $ahollywood films. 610 $amainstream narratives. 610 $amedia studies. 610 $amovie criticism. 610 $amovie studies. 610 $amovie watching. 610 $amovies and emotions. 610 $amovies. 610 $amoving viewers. 610 $anegative emotions. 610 $aphilosophical aesthetics. 610 $apleasures. 610 $apsychology of spectatorship. 610 $aritualistic fantasy. 610 $asensual films. 610 $aspectators. 610 $asympathetic narratives. 610 $asynesthesia. 610 $athe paradox of negative emotion. 610 $awatching a movie. 615 0$aMotion picture audiences$xPsychology. 615 0$aMotion pictures 676 $a302.23/43 700 $aPlantinga$b Carl R$0772726 801 0$bMiAaPQ 801 1$bMiAaPQ 801 2$bMiAaPQ 906 $aBOOK 912 $a9910788998403321 996 $aMoving viewers$91728416 997 $aUNINA